Т. 50, № 2; Радиохимия

Sonraí bibleagrafaíochta
Parent link:Радиохимия: научный журнал/ Российская Академия наук. Т. 50, № 2.— , 1960-
Teanga:Rúisis
Foilsithe / Cruthaithe: 2008
Formáid: MixedMaterials LEABHAR
KOHA link:https://koha.lib.tpu.ru/cgi-bin/koha/opac-detail.pl?biblionumber=406600

MARC

LEADER 00000nam2a2200000 4500
001 406600
005 20231101070536.0
035 |a (RuTPU)RU\TPU\prd\57907 
090 |a 406600 
100 |a 20080610a19599999k y0rusy50 ca 
101 0 |a rus 
102 |a RU 
200 0 |a Т. 50, № 2 
210 |d 2008 
461 1 |0 (RuTPU)RU\TPU\prd\1708  |t Радиохимия  |o научный журнал  |f Российская Академия наук  |v Т. 50, № 2  |d 1960- 
801 0 |a RU  |b 63413507  |c 20010227  |g PSBO 
801 1 |a RU  |b 63413507  |c 20080610  |g PSBO 
801 2 |a RU  |b 63413507  |c 20201215  |g RCR 
942 |c BK 
999 |a НТБ_ТПУ  |b НФ  |e -1/20080109  |p П-6650  |s 6/20070907  |u 800,00  |v 1